| 000 | 01244cam a22003497a 4500 | ||
|---|---|---|---|
| 003 | CHAP | ||
| 005 | 20220329142118.0 | ||
| 008 | 990728d1999 mx r 00110 spa d | ||
| 010 | _a78606 | ||
| 011 | _a79578 | ||
| 020 | _a9688845574 | ||
| 035 | _a89863 | ||
| 040 | _cCHAP | ||
| 090 | _aFolleto 15442 | ||
| 245 | 0 | 0 |
_aBiodiversidad : _bfactores que la afectan en la biósfera e índices de diversidad _c/por Andrés Miranda Rangel |
| 260 |
_aChapingo, Méx. : _bUACH. Dirección General de Difución Cultural, _c1999. |
||
| 300 | _a55 p | ||
| 590 |
_aBATCH-UPD _b10 _c20130110 _lUCH01 _h1825 |
||
| 590 |
_aBATCH-UPD _b10 _c20130410 _lUCH01 _h1158 |
||
| 590 |
_aBATCH-UPD _b10 _c20130914 _lUCH01 _h0628 |
||
| 590 |
_aCONVERSION _b10 _c20130109 _lUCH01 _h1344 |
||
| 650 | 1 | 4 |
_aBiodiversidad. _912724 |
| 650 | 1 | 4 |
_aBiósfera. _912844 |
| 901 | _aBK | ||
| 905 | _aGuadalupe Pinto C. | ||
| 942 | _cFOLL | ||
| 949 |
_aFolleto 15442 _bBC _cFOLL _d33724002111702 _eTS2 _fc.5 _gI.c/e _i89863 _st |
||
| 949 |
_aFolleto 15442 _bBC _cTES _d898631 _eTS1 _i89863 _sb |
||
| 949 |
_aFolleto 15442 _bBC _cTES _d898632 _eTS2 _fc.2 _i89863 _si |
||
| 949 |
_aFolleto 15442 _bBC _cTES _d898633 _eTS2 _fc.3 _i89863 _sb |
||
| 949 |
_aFolleto 15442 _bBC _cUACH _d898634 _eUACH _fc.4 _i89863 _sb |
||
| 999 |
_c78606 _d78606 |
||